| 000 | 01203nam a2200373 i 4500 | ||
|---|---|---|---|
| 001 | 30865 | ||
| 003 | KOSZ 005 | ||
| 005 | 20221219090647.0 | ||
| 008 | 970510s1994 pl a f |000 0 pol | ||
| 015 | _aPB 1994/3751 | ||
| 020 | _a832080938X | ||
| 040 |
_aWA N _cWA N _dKOSZ 005/HR |
||
| 046 | _k1994 | ||
| 080 | _a005.95/.96 | ||
| 080 | _a658.310.8 | ||
| 080 | _a(083.1) | ||
| 100 | 1 |
_aKostera, Monika _d(1963- ) _eAutor |
|
| 245 | 1 | 0 |
_aZarządzanie personelem / _cMonika Kostera. |
| 260 |
_aWarszawa : _bPaństwowe Wydawnictwo Ekonomiczne, _c1994. |
||
| 300 |
_a139, [5] s. : _brys., wykr. ; _c21 cm. |
||
| 336 |
_2rdacontent _aTekst _btxt |
||
| 337 |
_2rdamedia _aBez urządzenia pośredniczącego _bn |
||
| 338 |
_2rdacarrier _aWolumin _bnc |
||
| 380 | _aKsiążki | ||
| 388 | _a1901-2000 | ||
| 388 | _a1989-2000 | ||
| 650 | 4 | _aPrzedsiębiorstwo | |
| 650 | 4 | _aZarządzanie zasobami ludzkimi (HRM) | |
| 655 | 4 | _aPoradnik | |
| 658 | _aZarządzanie i marketing | ||
| 710 | 2 |
_aPaństwowe Wydawnictwo Ekonomiczne _4pbl. |
|
| 856 |
_uhttp://koha.tu.koszalin.pl/cgi-bin/koha/opac-detail.pl?biblionumber=30865 _yKatalog online BPK |
||
| 942 |
_2UKD _cKS |
||
| 999 |
_c30865 _d30865 |
||